000 00623nam a2200181Ia 4500
008 090123s9999 xx 000 0 und d
082 _b3548
_a891.463/पटव
100 _aपटवर्धन शशि
245 _aदोन डोळे हजार खिडक्या
250 _a1
260 _bदिपज्योती
_c1974
300 _a108
600 _aपटवर्धन शशि
630 _aदोन डोळे हजार खिडक्या
700 _aपटवर्धन शशि
730 _aदोन डोळे हजार खिडक्या
942 _cBOOK
999 _c41628
_d41628